000 00849nam a22002177a 4500
005 20250923090802.0
008 250911b |||||||| |||| 00| 0 eng d
020 _a9781975213534
082 _aDC 612.044 K855 2025
100 _aKraemer, William J.
_967381
245 _aExercise physiology :
_bintegrating theory and application /
_cWilliam J. Kraemer, Steven J. Fleck, and Michael R. Deschenes.
250 _aFourth edition ;
_binternational edition.
260 _aPhiladelphia :
_bWolters Kluwer,
_c©2025.
300 _axvii, 670 pages :
_billustrations (some colors) ;
_c28 cm.
500 _aIncludes index.
650 0 _aMESH : Sports nutritional psychological phenomena.
_968066
650 0 _aPhysical fitness.
_968067
700 _aFleck, Steven J.
_967382
_eauthor.
700 _aDeschenes, Michael R.
_967383
_eauthor.
942 _2ddc
_cDC
999 _c23739
_d23739